Строительство трубопроводов: производственно-технический журнал

Dades bibliogràfiques
Sumari:До 7 номера 1958 года название журнала Строительство предприятий нефтяной промышленности
Idioma:rus
Publicat: Москва, Недра, 1958-1996
Matèries:
Format: MixedMaterials Publicació Periòdica
KOHA link:https://koha.lib.tpu.ru/cgi-bin/koha/opac-detail.pl?biblionumber=379888

MARC

LEADER 00000nas1a2200000 4500
001 379888
005 20231101062632.0
011 |a 0039-2448 
035 |a (RuTPU)RU\TPU\prd\368 
035 |a PERI00000368 
090 |a 379888 
100 |a 20011210a19589999k y0rusy50 ca 
101 0 |a rus 
102 |a RU 
110 |a afaz|||0uu0 
200 1 |a Строительство трубопроводов  |e производственно-технический журнал 
210 |a Москва  |c Недра  |d 1958-1996 
300 |a До 7 номера 1958 года название журнала Строительство предприятий нефтяной промышленности 
305 |a Издается с 1956 года 
326 |a ежемесячно 
520 1 |a Строительство предприятий нефтяной промышленности 
610 1 |a трубопроводы 
610 1 |a трубопроводный транспорт 
610 1 |a строительство 
801 0 |a RU  |b 63413507  |c 20011210  |g PSBO 
801 2 |a RU  |b 63413507  |c 20230124  |g PSBO 
942 |c CR